[Event "DEM U10 2025"]
[Site "Willingen GER"]
[Date "2025.06.09"]
[Round "3"]
[White "Wolf, Adam"]
[Black "Müller, Konstantin"]
[Result "0-1"]
[Termination "normal"]
[Board "1"]
[WhiteElo "1656"]
[BlackElo "1998"]
[WhiteClock "00:59:13"]
[BlackClock "01:04:00"]
[PlyCount "62"]
[WhiteFideId "34623426"]
[BlackFideId "34661778"]
[EventCountry "GER"]
[EventRounds "9"]
[EventType "swiss"]
[EventDate "2025.06.07"]

1. e4 {[%clk 01:30:58]} {[%emt 00:00:02]} c5 {[%clk 01:30:56]} {[%emt
00:00:05]} 2. c3 {[%clk 01:31:24]} {[%emt 00:00:04]} Nf6 {[%clk 01:31:22]}
{[%emt 00:00:03]} 3. e5 {[%clk 01:31:49]} {[%emt 00:00:05]} Nd5 {[%clk
01:31:50]} {[%emt 00:00:02]} 4. d4 {[%clk 01:32:14]} {[%emt 00:00:06]} cxd4
{[%clk 01:32:16]} {[%emt 00:00:03]} 5. Nf3 {[%clk 01:32:39]} {[%emt 00:00:05]}
d6 {[%clk 01:32:27]} {[%emt 00:00:19]} 6. cxd4 {[%clk 01:32:38]} {[%emt
00:00:32]} Nc6 {[%clk 01:32:47]} {[%emt 00:00:10]} 7. Bc4 {[%clk 01:32:16]}
{[%emt 00:00:52]} Nb6 {[%clk 01:33:13]} {[%emt 00:00:04]} 8. Bb5 {[%clk
01:32:38]} {[%emt 00:00:08]} dxe5 {[%clk 01:33:37]} {[%emt 00:00:06]} 9. Nxe5
{[%clk 01:32:57]} {[%emt 00:00:10]} Bd7 {[%clk 01:34:02]} {[%emt 00:00:05]} 10.
Nxd7 {[%clk 01:33:22]} {[%emt 00:00:04]} Qxd7 {[%clk 01:34:26]} {[%emt
00:00:07]} 11. Nc3 {[%clk 01:33:35]} {[%emt 00:00:18]} e6 {[%clk 01:34:51]}
{[%emt 00:00:04]} 12. O-O {[%clk 01:33:53]} {[%emt 00:00:11]} Rd8 {[%clk
01:34:52]} {[%emt 00:00:30]} 13. Be3 {[%clk 01:30:40]} {[%emt 00:03:43]} a6
{[%clk 01:35:02]} {[%emt 00:00:20]} 14. Bxc6 {[%clk 01:31:00]} {[%emt
00:00:10]} Qxc6 {[%clk 01:35:00]} {[%emt 00:00:32]} 15. Rc1 {[%clk 01:29:49]}
{[%emt 00:01:41]} Qd7 {[%clk 01:20:24]} {[%emt 00:15:06]} 16. Qb3 {[%clk
01:25:08]} {[%emt 00:05:12]} Nc8 {[%clk 01:18:24]} {[%emt 00:02:29]} 17. d5
{[%clk 01:20:32]} {[%emt 00:05:06]} e5 {[%clk 01:16:41]} {[%emt 00:02:14]} 18.
Rfd1 {[%clk 01:14:34]} {[%emt 00:06:27]} Bd6 {[%clk 01:12:04]} {[%emt
00:05:07]} 19. Na4 {[%clk 01:12:20]} {[%emt 00:02:44]} O-O {[%clk 01:11:41]}
{[%emt 00:00:53]} 20. Bc5 {[%clk 01:10:02]} {[%emt 00:02:48]} b5 {[%clk
01:02:23]} {[%emt 00:09:48]} 21. Bxd6 {[%clk 01:09:18]} {[%emt 00:01:13]} bxa4
{[%clk 01:02:35]} {[%emt 00:00:19]} 22. Qf3 {[%clk 01:05:19]} {[%emt 00:04:29]}
Nxd6 {[%clk 01:02:47]} {[%emt 00:00:18]} 23. Rc6 {[%clk 01:05:18]} {[%emt
00:00:31]} Rb8 {[%clk 01:01:58]} {[%emt 00:01:19]} 24. Qa3 {[%clk 01:04:55]}
{[%emt 00:00:52]} Nb5 {[%clk 01:02:06]} {[%emt 00:00:23]} 25. Qxa4 {[%clk
01:04:44]} {[%emt 00:00:41]} Nd4 {[%clk 01:02:24]} {[%emt 00:00:13]} 26. Rxa6
{[%clk 01:04:10]} {[%emt 00:01:03]} Qxd5 {[%clk 01:02:43]} {[%emt 00:00:11]}
27. Ra5 {[%clk 01:03:27]} {[%emt 00:01:13]} Qe4 {[%clk 01:02:43]} {[%emt
00:00:29]} 28. b4 {[%clk 01:02:57]} {[%emt 00:01:01]} Rxb4 {[%clk 01:02:58]}
{[%emt 00:00:15]} 29. Qd7 {[%clk 00:59:20]} {[%emt 00:04:07]} Rb1 {[%clk
01:03:13]} {[%emt 00:00:15]} 30. Rf1 {[%clk 00:58:47]} {[%emt 00:01:03]} Ne2+
{[%clk 01:03:35]} {[%emt 00:00:08]} 31. Kh1 {[%clk 00:59:13]} {[%emt 00:00:04]}
Rxf1# {[%clk 01:04:00]} {[%emt 00:00:05]} 0-1

[Event "DEM U10 2025"]
[Site "Willingen GER"]
[Date "2025.06.09"]
[Round "3"]
[White "Kutlar, Aras"]
[Black "Busch, Jonathan Luis"]
[Result "1/2-1/2"]
[Termination "normal"]
[Board "2"]
[WhiteElo "1835"]
[BlackElo "1723"]
[WhiteClock "00:30:44"]
[BlackClock "00:05:44"]
[PlyCount "83"]
[WhiteFideId "51682117"]
[BlackFideId "34664874"]
[EventCountry "GER"]
[EventRounds "9"]
[EventType "swiss"]
[EventDate "2025.06.07"]

1. e4 {[%clk 01:30:55]} {[%emt 00:00:03]} e5 {[%clk 01:30:53]} {[%emt
00:00:07]} 2. Nf3 {[%clk 01:31:17]} {[%emt 00:00:08]} Nc6 {[%clk 01:31:17]}
{[%emt 00:00:07]} 3. d4 {[%clk 01:31:30]} {[%emt 00:00:16]} exd4 {[%clk
01:31:37]} {[%emt 00:00:11]} 4. Nxd4 {[%clk 01:31:54]} {[%emt 00:00:07]} Nf6
{[%clk 01:31:59]} {[%emt 00:00:08]} 5. Nxc6 {[%clk 01:32:01]} {[%emt 00:00:22]}
bxc6 {[%clk 01:32:19]} {[%emt 00:00:10]} 6. Nd2 {[%clk 01:32:18]} {[%emt
00:00:13]} d5 {[%clk 01:32:30]} {[%emt 00:00:19]} 7. exd5 {[%clk 01:32:39]}
{[%emt 00:00:08]} cxd5 {[%clk 01:32:54]} {[%emt 00:00:07]} 8. Bb5+ {[%clk
01:32:59]} {[%emt 00:00:10]} Bd7 {[%clk 01:33:13]} {[%emt 00:00:11]} 9. Bxd7+
{[%clk 01:33:02]} {[%emt 00:00:27]} Qxd7 {[%clk 01:33:35]} {[%emt 00:00:08]}
10. O-O {[%clk 01:33:21]} {[%emt 00:00:11]} Be7 {[%clk 01:33:31]} {[%emt
00:00:33]} 11. b3 {[%clk 01:33:35]} {[%emt 00:00:17]} O-O {[%clk 01:33:39]}
{[%emt 00:00:22]} 12. Bb2 {[%clk 01:33:53]} {[%emt 00:00:12]} c6 {[%clk
01:33:35]} {[%emt 00:00:34]} 13. Re1 {[%clk 01:33:57]} {[%emt 00:00:25]} Rfe8
{[%clk 01:33:34]} {[%emt 00:00:32]} 14. Qf3 {[%clk 01:33:57]} {[%emt 00:00:30]}
Rad8 {[%clk 01:27:58]} {[%emt 00:06:05]} 15. Rad1 {[%clk 01:33:58]} {[%emt
00:00:30]} h6 {[%clk 01:26:19]} {[%emt 00:02:09]} 16. Nc4 {[%clk 01:32:32]}
{[%emt 00:01:55]} Qb7 {[%clk 01:20:54]} {[%emt 00:05:45]} 17. Ne3 {[%clk
01:31:32]} {[%emt 00:01:41]} Ne4 {[%clk 01:12:56]} {[%emt 00:08:27]} 18. Nf5
{[%clk 01:31:10]} {[%emt 00:00:52]} Bf8 {[%clk 01:11:09]} {[%emt 00:02:18]} 19.
Qg4 {[%clk 01:30:13]} {[%emt 00:01:27]} Re6 {[%clk 01:04:58]} {[%emt 00:06:42]}
20. Bxg7 {[%clk 01:28:02]} {[%emt 00:02:40]} Rg6 {[%clk 01:04:55]} {[%emt
00:00:32]} 21. Qh4 {[%clk 01:28:25]} {[%emt 00:00:08]} Qd7 {[%clk 01:04:07]}
{[%emt 00:01:18]} 22. Bxf8 {[%clk 01:26:00]} {[%emt 00:02:55]} Qxf5 {[%clk
01:03:17]} {[%emt 00:01:19]} 23. Bb4 {[%clk 01:23:54]} {[%emt 00:02:37]} Rb8
{[%clk 01:02:49]} {[%emt 00:00:57]} 24. Be7 {[%clk 00:53:13]} {[%emt 00:31:12]}
Rg4 {[%clk 00:58:57]} {[%emt 00:04:21]} 25. Rxe4 {[%clk 00:50:09]} {[%emt
00:03:35]} Rxh4 {[%clk 00:53:47]} {[%emt 00:05:39]} 26. Rxh4 {[%clk 00:50:28]}
{[%emt 00:00:12]} Qxc2 {[%clk 00:53:25]} {[%emt 00:00:52]} 27. Rf1 {[%clk
00:47:49]} {[%emt 00:03:07]} Re8 {[%clk 00:50:19]} {[%emt 00:03:38]} 28. Bf6
{[%clk 00:47:00]} {[%emt 00:01:18]} Qg6 {[%clk 00:49:57]} {[%emt 00:00:52]} 29.
Rf4 {[%clk 00:40:42]} {[%emt 00:06:49]} Re2 {[%clk 00:49:25]} {[%emt 00:01:02]}
30. g3 {[%clk 00:40:26]} {[%emt 00:00:45]} Rxa2 {[%clk 00:48:10]} {[%emt
00:01:46]} 31. Re1 {[%clk 00:40:16]} {[%emt 00:00:40]} Kf8 {[%clk 00:29:44]}
{[%emt 00:18:56]} 32. b4 {[%clk 00:35:57]} {[%emt 00:04:47]} a5 {[%clk
00:24:48]} {[%emt 00:05:28]} 33. Be7+ {[%clk 00:35:49]} {[%emt 00:00:38]} Kg7
{[%clk 00:23:29]} {[%emt 00:01:49]} 34. h3 {[%clk 00:35:43]} {[%emt 00:00:36]}
h5 {[%clk 00:21:01]} {[%emt 00:02:57]} 35. bxa5 {[%clk 00:35:23]} {[%emt
00:00:51]} Rxa5 {[%clk 00:18:06]} {[%emt 00:03:26]} 36. Re5 {[%clk 00:34:58]}
{[%emt 00:00:53]} Ra7 {[%clk 00:16:28]} {[%emt 00:02:09]} 37. h4 {[%clk
00:33:16]} {[%emt 00:02:12]} Kh7 {[%clk 00:15:47]} {[%emt 00:01:10]} 38. Bf6
{[%clk 00:31:56]} {[%emt 00:01:49]} Ra8 {[%clk 00:15:41]} {[%emt 00:00:37]} 39.
Rg5 {[%clk 00:31:23]} {[%emt 00:01:03]} Qh6 {[%clk 00:09:56]} {[%emt 00:06:16]}
40. Be7 {[%clk 00:30:44]} {[%emt 00:01:08]} Qe6 {[%clk 00:06:47]} {[%emt
00:03:39]} 41. Rxh5+ {[%clk 00:30:43]} {[%emt 00:00:30]} Kg6 {[%clk 00:05:44]}
{[%emt 00:01:35]} 42. Rg5+ {[%clk 00:30:44]} {[%emt 00:00:28]} 1/2-1/2

[Event "DEM U10 2025"]
[Site "Willingen GER"]
[Date "2025.06.09"]
[Round "3"]
[White "Grimm, Jakob"]
[Black "Ranganathan, Aadith"]
[Result "0-1"]
[Termination "normal"]
[Board "3"]
[WhiteElo "1698"]
[BlackElo "1824"]
[WhiteClock "01:06:15"]
[BlackClock "01:16:51"]
[PlyCount "78"]
[WhiteFideId "34635645"]
[BlackFideId "34667121"]
[EventCountry "GER"]
[EventRounds "9"]
[EventType "swiss"]
[EventDate "2025.06.07"]

1. e4 {[%clk 01:30:54]} {[%emt 00:00:05]} c6 {[%clk 01:30:53]} {[%emt
00:00:07]} 2. d4 {[%clk 01:30:58]} {[%emt 00:00:27]} d5 {[%clk 01:31:15]}
{[%emt 00:00:08]} 3. Bd3 {[%clk 01:31:00]} {[%emt 00:00:26]} dxe4 {[%clk
01:31:30]} {[%emt 00:00:16]} 4. Bxe4 {[%clk 01:31:24]} {[%emt 00:00:06]} Nf6
{[%clk 01:31:53]} {[%emt 00:00:07]} 5. Nc3 {[%clk 01:31:40]} {[%emt 00:00:13]}
g6 {[%clk 01:31:40]} {[%emt 00:00:45]} 6. Nf3 {[%clk 01:31:42]} {[%emt
00:00:27]} Bg7 {[%clk 01:32:03]} {[%emt 00:00:07]} 7. Bf4 {[%clk 01:31:32]}
{[%emt 00:00:39]} Bg4 {[%clk 01:31:57]} {[%emt 00:00:37]} 8. Qd2 {[%clk
01:30:32]} {[%emt 00:01:31]} Nxe4 {[%clk 01:31:01]} {[%emt 00:01:26]} 9. Nxe4
{[%clk 01:30:15]} {[%emt 00:00:46]} Bxf3 {[%emt 00:00:13]} 10. gxf3 {[%clk
01:30:34]} {[%emt 00:00:08]} Qxd4 {[%clk 01:31:38]} {[%emt 00:00:13]} 11. Qxd4
{[%clk 01:29:45]} {[%emt 00:01:19]} Bxd4 {[%clk 01:32:02]} {[%emt 00:00:07]}
12. O-O-O {[%clk 01:30:00]} {[%emt 00:00:14]} Bg7 {[%clk 01:32:01]} {[%emt
00:00:31]} 13. Rhe1 {[%clk 01:15:42]} {[%emt 00:14:48]} O-O {[%clk 01:30:03]}
{[%emt 00:02:28]} 14. Nc5 {[%clk 01:14:20]} {[%emt 00:01:51]} b6 {[%clk
01:28:10]} {[%emt 00:02:24]} 15. Bxb8 {[%clk 01:13:46]} {[%emt 00:01:04]} Rfxb8
{[%clk 01:25:33]} {[%emt 00:03:08]} 16. Na6 {[%clk 01:13:56]} {[%emt 00:00:19]}
Rd8 {[%clk 01:25:56]} {[%emt 00:00:07]} 17. c3 {[%clk 01:12:32]} {[%emt
00:01:55]} e6 {[%clk 01:25:36]} {[%emt 00:00:49]} 18. Nb4 {[%clk 01:11:58]}
{[%emt 00:01:01]} Rdc8 {[%clk 01:22:55]} {[%emt 00:03:14]} 19. Rd7 {[%clk
01:11:27]} {[%emt 00:01:01]} c5 {[%clk 01:23:16]} {[%emt 00:00:09]} 20. Na6
{[%clk 01:10:11]} {[%emt 00:01:47]} Bh6+ {[%clk 01:18:29]} {[%emt 00:05:16]}
21. Kb1 {[%clk 01:08:21]} {[%emt 00:02:20]} Bf4 {[%clk 01:17:35]} {[%emt
00:01:22]} 22. h4 {[%clk 01:07:51]} {[%emt 00:00:56]} Kf8 {[%clk 01:15:35]}
{[%emt 00:02:36]} 23. Red1 {[%clk 01:08:09]} {[%emt 00:00:12]} Ke8 {[%clk
01:15:11]} {[%emt 00:00:54]} 24. Rb7 {[%clk 01:05:47]} {[%emt 00:02:52]} Rd8
{[%clk 01:15:21]} {[%emt 00:00:20]} 25. Rg1 {[%clk 01:04:25]} {[%emt 00:01:53]}
Rd7 {[%clk 01:15:36]} {[%emt 00:00:15]} 26. Rxd7 {[%clk 01:04:40]} {[%emt
00:00:15]} Kxd7 {[%clk 01:15:57]} {[%emt 00:00:09]} 27. b4 {[%clk 01:05:04]}
{[%emt 00:00:06]} cxb4 {[%clk 01:14:49]} {[%emt 00:01:38]} 28. Nxb4 {[%clk
01:05:29]} {[%emt 00:00:05]} Rc8 {[%clk 01:14:05]} {[%emt 00:01:13]} 29. Rd1+
{[%clk 01:05:14]} {[%emt 00:00:46]} Ke7 {[%clk 01:13:58]} {[%emt 00:00:36]} 30.
Kb2 {[%clk 01:05:31]} {[%emt 00:00:13]} Be5 {[%clk 01:14:10]} {[%emt 00:00:17]}
31. Rd3 {[%clk 01:05:10]} {[%emt 00:00:52]} a5 {[%clk 01:14:16]} {[%emt
00:00:24]} 32. Nc2 {[%clk 01:05:22]} {[%emt 00:00:18]} Rd8 {[%clk 01:14:23]}
{[%emt 00:00:23]} 33. Re3 {[%clk 01:05:28]} {[%emt 00:00:23]} Bf6 {[%clk
01:14:43]} {[%emt 00:00:11]} 34. Re2 {[%clk 01:05:23]} {[%emt 00:00:35]} Rd3
{[%clk 01:15:02]} {[%emt 00:00:12]} 35. Nd4 {[%clk 01:05:05]} {[%emt 00:00:48]}
Bxd4 {[%clk 01:15:20]} {[%emt 00:00:11]} 36. cxd4 {[%clk 01:05:32]} {[%emt
00:00:03]} Rxd4 {[%clk 01:15:40]} {[%emt 00:00:10]} 37. Kc3 {[%clk 01:05:58]}
{[%emt 00:00:05]} Rxh4 {[%clk 01:16:03]} {[%emt 00:00:06]} 38. Re4 {[%clk
01:05:53]} {[%emt 00:00:36]} Rxe4 {[%clk 01:16:26]} {[%emt 00:00:06]} 39. fxe4
{[%clk 01:06:15]} {[%emt 00:00:08]} h5 {[%clk 01:16:51]} {[%emt 00:00:05]} 0-1

[Event "DEM U10 2025"]
[Site "Willingen GER"]
[Date "2025.06.09"]
[Round "3"]
[White "Liu, Peilin"]
[Black "Vlad, Mark"]
[Result "0-1"]
[Termination "normal"]
[Board "4"]
[WhiteElo "1530"]
[BlackElo "1686"]
[WhiteClock "00:23:57"]
[BlackClock "01:26:49"]
[PlyCount "106"]
[WhiteFideId "8643792"]
[BlackFideId "34663258"]
[EventCountry "GER"]
[EventRounds "9"]
[EventType "swiss"]
[EventDate "2025.06.07"]

1. e4 {[%clk 01:30:59]} d5 {[%clk 01:30:48]} {[%emt 00:00:13]} 2. exd5 {[%clk
01:31:18]} {[%emt 00:00:10]} Nf6 {[%clk 01:31:13]} {[%emt 00:00:05]} 3. d4
{[%clk 01:31:30]} {[%emt 00:00:18]} Nxd5 {[%clk 01:31:37]} {[%emt 00:00:06]} 4.
c4 {[%clk 01:30:53]} {[%emt 00:00:44]} Nb6 {[%clk 01:32:02]} {[%emt 00:00:29]}
5. Nf3 {[%clk 01:28:52]} {[%emt 00:02:30]} Bf5 {[%clk 01:31:47]} {[%emt
00:00:45]} 6. Nc3 {[%clk 01:27:24]} {[%emt 00:01:54]} e6 {[%clk 01:31:42]}
{[%emt 00:00:39]} 7. Be3 {[%clk 01:26:13]} {[%emt 00:01:41]} Be7 {[%clk
01:30:21]} {[%emt 00:01:51]} 8. h3 {[%clk 01:23:42]} {[%emt 00:03:01]} h6
{[%clk 01:28:04]} {[%emt 00:02:46]} 9. g4 {[%clk 01:18:11]} {[%emt 00:05:44]}
Bh7 {[%clk 01:28:04]} {[%emt 00:00:49]} 10. b3 {[%clk 01:15:27]} {[%emt
00:03:04]} Nc6 {[%clk 01:27:06]} {[%emt 00:01:37]} 11. Qd2 {[%clk 01:14:46]}
{[%emt 00:01:11]} Ba3 {[%clk 01:24:46]} {[%emt 00:02:50]} 12. Bg2 {[%clk
01:10:46]} {[%emt 00:04:34]} Nb4 {[%clk 01:23:32]} {[%emt 00:09:12]} 13. O-O
{[%clk 01:04:30]} {[%emt 00:06:45]} Nc2 {[%clk 01:22:49]} {[%emt 00:01:14]} 14.
Rad1 {[%clk 01:00:27]} {[%emt 00:04:32]} Nxe3 {[%clk 01:16:51]} {[%emt
00:06:28]} 15. Qxe3 {[%clk 00:53:05]} {[%emt 00:07:52]} O-O {[%clk 01:16:10]}
{[%emt 00:01:10]} 16. d5 {[%clk 00:38:24]} {[%emt 00:15:12]} exd5 {[%clk
01:12:02]} {[%emt 00:04:38]} 17. Nxd5 {[%clk 00:34:42]} {[%emt 00:04:09]} Nxd5
{[%clk 01:11:47]} {[%emt 00:00:47]} 18. Rxd5 {[%clk 00:34:12]} {[%emt
00:01:01]} Qf6 {[%clk 01:10:46]} {[%emt 00:01:27]} 19. g5 {[%clk 00:32:34]}
{[%emt 00:02:04]} hxg5 {[%clk 01:08:50]} {[%emt 00:02:32]} 20. Qxg5 {[%clk
00:26:35]} {[%emt 00:06:30]} Qxg5 {[%clk 01:07:48]} {[%emt 00:01:33]} 21. Nxg5
{[%clk 00:25:45]} {[%emt 00:01:19]} Rad8 {[%clk 01:04:22]} {[%emt 00:03:56]}
22. Rxd8 {[%clk 00:24:00]} {[%emt 00:02:15]} Rxd8 {[%clk 01:04:43]} {[%emt
00:00:08]} 23. Nxh7 {[%clk 00:24:03]} {[%emt 00:00:27]} Kxh7 {[%clk 01:05:05]}
{[%emt 00:00:08]} 24. Bxb7 {[%clk 00:23:49]} {[%emt 00:00:44]} Rd2 {[%clk
01:05:21]} {[%emt 00:00:15]} 25. Be4+ {[%clk 00:23:20]} {[%emt 00:00:56]} g6
{[%clk 01:05:43]} {[%emt 00:00:10]} 26. Bb1 {[%clk 00:22:36]} {[%emt 00:01:05]}
Kh6 {[%clk 01:04:54]} {[%emt 00:01:28]} 27. Kg2 {[%clk 00:22:05]} {[%emt
00:00:52]} Kg5 {[%clk 01:04:16]} {[%emt 00:01:17]} 28. Kg3 {[%clk 00:21:28]}
{[%emt 00:00:36]} Bd6+ {[%clk 01:03:13]} {[%emt 00:02:04]} 29. f4+ {[%clk
00:18:08]} {[%emt 00:03:48]} Kh5 {[%clk 01:02:40]} {[%emt 00:01:05]} 30. Re1
{[%clk 00:13:00]} {[%emt 00:05:38]} g5 {[%clk 01:00:23]} {[%emt 00:02:47]} 31.
Kf3 {[%clk 00:08:09]} {[%emt 00:04:55]} Bxf4 {[%clk 00:57:10]} {[%emt
00:04:09]} 32. Re8 {[%clk 00:06:35]} {[%emt 00:02:05]} Rd6 {[%clk 00:57:20]}
{[%emt 00:00:19]} 33. Rh8+ {[%clk 00:05:29]} {[%emt 00:01:35]} Rh6 {[%clk
00:57:31]} {[%emt 00:00:20]} 34. Rxh6+ {[%clk 00:05:56]} {[%emt 00:00:03]} Kxh6
{[%clk 00:57:48]} {[%emt 00:00:13]} 35. Ke4 {[%clk 00:05:25]} {[%emt 00:01:01]}
Kh5 {[%clk 00:56:59]} {[%emt 00:01:19]} 36. Kd5 {[%clk 00:05:08]} {[%emt
00:00:38]} Kh4 {[%clk 00:57:22]} {[%emt 00:00:16]} 37. Bf5 {[%clk 00:05:31]}
{[%emt 00:00:07]} Be3 {[%clk 00:55:46]} {[%emt 00:02:07]} 38. Kc6 {[%clk
00:05:18]} {[%emt 00:00:31]} Kg3 {[%clk 00:55:31]} {[%emt 00:00:56]} 39. Kxc7
{[%clk 00:04:09]} {[%emt 00:01:37]} Kf4 {[%clk 00:55:55]} {[%emt 00:00:09]} 40.
Bg4 {[%clk 00:04:05]} {[%emt 00:00:32]} f5 {[%clk 00:56:11]} {[%emt 00:00:17]}
41. Bxf5 {[%clk 00:03:09]} {[%emt 00:01:25]} Kxf5 {[%clk 00:56:34]} {[%emt
00:00:06]} 42. b4 {[%clk 00:03:36]} {[%emt 00:00:04]} Kf4 {[%clk 00:56:54]}
{[%emt 00:00:10]} 43. a4 {[%clk 00:02:58]} {[%emt 00:01:08]} Kg3 {[%clk
00:57:19]} {[%emt 00:00:04]} 44. c5 {[%clk 00:03:19]} {[%emt 00:00:10]} Kxh3
{[%clk 00:57:44]} {[%emt 00:00:04]} 45. c6 {[%clk 00:03:14]} {[%emt 00:00:35]}
Bf4+ {[%clk 00:57:45]} {[%emt 00:00:29]} 46. Kd7 {[%clk 00:03:10]} {[%emt
00:00:32]} g4 {[%clk 00:58:05]} {[%emt 00:00:13]} 47. b5 {[%clk 00:00:48]}
{[%emt 00:02:52]} g3 {[%clk 00:58:30]} {[%emt 00:00:05]} 48. a5 {[%clk
00:01:06]} {[%emt 00:00:12]} g2 {[%clk 00:58:51]} {[%emt 00:00:09]} 49. b6
{[%clk 00:01:14]} {[%emt 00:00:23]} g1=Q {[%clk 00:58:15]} {[%emt 00:01:05]}
50. c7 {[%clk 00:29:48]} {[%emt 00:01:45]} Qd4+ {[%clk 01:28:11]} {[%emt
00:00:45]} 51. Kc6 {[%clk 00:28:49]} {[%emt 00:00:55]} Qe4+ {[%clk 01:28:19]}
{[%emt 00:00:55]} 52. Kd7 {[%clk 00:27:16]} {[%emt 00:02:04]} Qd5+ {[%clk
01:28:34]} {[%emt 00:00:15]} 53. Kc8 {[%clk 00:23:57]} {[%emt 00:03:49]} Qxa5
{[%clk 01:26:49]} {[%emt 00:02:15]} 0-1